Bank administration manual : a comprehensive reference guide
| Main Author: | |
|---|---|
| Format: | Book |
| Published: |
Tokyo :
Toppan ,
1992
|
| Edition: | 3rd ed |
| Subjects: |
MARC
| LEADER | 00000cam a2200000 7i4500 | ||
|---|---|---|---|
| 001 | 0000001494 | ||
| 002 | 000001640 | ||
| 005 | 20000330.0 | ||
| 020 | |a 1555200400 | ||
| 090 | 0 | 0 | |a 332.10202 |b SEG |
| 100 | 1 | |a Seglin, Jeffrey L | |
| 245 | 1 | 0 | |a Bank administration manual : |b a comprehensive reference guide |c Jeffrey L. Seglia |
| 250 | |a 3rd ed | ||
| 260 | |a Tokyo : |b Toppan , |c 1992 | ||
| 300 | |a 427p. ; |c 24cm. | ||
| 650 | 0 | 0 | |a Bank management |
| 999 | |a 034032 |b BUKU |c PINJAMAN |e PERPUSTAKAAN KOMUNITI PETALING JAYA | ||